| 000 | 00930cab a2200265 4500 | ||
|---|---|---|---|
| 001 | WB3114-25 | ||
| 008 | 090401t1995 xxu||||| |||| 00| 0 eng d | ||
| 035 | _a(Sirsi) u46214 | ||
| 041 | _aeng | ||
| 245 | _aRegional aid policy | ||
| 260 | _c1995 | ||
| 350 | _a0 | ||
| 490 |
_aFinancial Times _v7 April 1995, 12(1) |
||
| 520 | _aDTI`s regional aid policy is poorly co-ordinated and provides too little support for industry, according to a report by the HC trade and industry committee, who recommend government appoint a minister responsible for overall aid policy in each region. | ||
| 650 | _aASSISTED AREAS | ||
| 650 | _aDEPARTMENT OF TRADE AND INDUSTRY | ||
| 650 | _aECONOMIC DEVELOPMENT | ||
| 650 | _aHC TRADE AND INDUSTRY COMMITTEE | ||
| 650 | _aREGIONAL AID | ||
| 650 | _aREGIONAL POLICY | ||
| 650 | _aREGIONAL SELECTIVE ASSISTANCE | ||
| 690 | _aECONOMIC AND SOCIAL | ||
| 942 | _n0 | ||
| 948 | _c04/03/1997 | ||
| 999 |
_c29242 _d29242 |
||